| 000 | 00874cam a2200313 i 4500 | ||
|---|---|---|---|
| 001 | 768714001 | ||
| 003 | CO-MdFUSB | ||
| 005 | 20240604152028.0 | ||
| 007 | ta | ||
| 008 | 240601t2001 -sp||||| |||| 00| 0 spa d | ||
| 020 | _a84-86589-50-9 | ||
| 040 | _cCO-MdFUSB | ||
| 041 | 0 | _aspa | |
| 082 | 0 | 4 |
_224 _a233 _bL7935v |
| 100 | 1 |
_aLloyd-Jones, D. Martyn (David) _eautor |
|
| 245 | 1 | 0 |
_aLa verdad inmutable _c/ Martyn Lloyd Jones ; Santiago Rodríguez Solly, Traductor |
| 260 | _a | ||
| 264 | 1 |
_bPeregrino, _aEspaña : _c[2001] |
|
| 264 | 4 | _c© 2001 | |
| 300 | _a110 Pag | ||
| 336 |
_atexto _btxt _2rdacontent |
||
| 337 |
_2rdamedia _asin mediación _bn |
||
| 338 |
_2rdacarrier _avolumen _bnc |
||
| 500 | _aTitulo original : Truth unchanged, unchandign | ||
| 650 | 1 | 4 | _aHOMBRE (TEOLOGIA) |
| 653 | _aAntropología biblica | ||
| 942 | _cBK | ||
| 945 | _aestudiante | ||
| 999 |
_c40233 _d40233 |
||